Normal view MARC view
  • Wortham, Stanton Emerson Fisher,

Entry Personal Name

Number of records used in: 2

001 - CONTROL NUMBER

  • control field: 41874

003 - CONTROL NUMBER IDENTIFIER

  • control field: DLC

005 - DATE AND TIME OF LATEST TRANSACTION

  • control field: 20181103104834.0

008 - FIXED-LENGTH DATA ELEMENTS

  • fixed length control field: 940916n| azannaab |n aaa

010 ## - LIBRARY OF CONGRESS CONTROL NUMBER

  • LC control number: n 94089453

040 ## - CATALOGING SOURCE

  • Original cataloging agency: DLC
  • Language of cataloging: eng
  • Description conventions: rda
  • Transcribing agency: DLC
  • Modifying agency: DLC
  • Modifying agency: EG-ScBUE

100 1# - HEADING--PERSONAL NAME

  • Personal name: Wortham, Stanton Emerson Fisher,
  • Dates associated with a name: 1963-

670 ## - SOURCE DATA FOUND

  • Source citation: Acting out participant examples in the classroom, 1994:
  • Information found: CIP t.p. (Stanton E.F. Wortham; Bates College, Lewiston, Maine)

670 ## - SOURCE DATA FOUND

  • Source citation: LC database, 09-16-94
  • Information found: (hdg.: Wortham, Stanton Emerson Fisher, 1963- ; usage: Stanton Emerson Fisher Wortham)

670 ## - SOURCE DATA FOUND

  • Source citation: Discourse analysis beyond the speech event, [2015]:
  • Information found: ECIP t.p. (Stanton Wortham) data view (is Judy and Howard Berkowitz Professor at Pennsylvania University)